000 00807cam a22002893a 4500
001 550
003 PGUSA
005 20140828082949.0
008 960601s1996||||xxu|||||s|||||000 1 eng d
040 _aPGUSA
_beng
042 _adc
050 4 _aPR
100 1 _aEliot, George,
_d1819-1880
245 1 0 _aSilas Marner
_h[electronic resource] /
_cGeorge Eliot
260 _bProject Gutenberg,
_c1996
506 _aPublic domain in the USA.
516 _aElectronic text
653 _aFathers and daughters -- Fiction
653 _aDomestic fiction
653 _aAdopted children -- Fiction
653 _aWeavers -- Fiction
653 _aEngland -- Fiction
653 _aFoundlings -- Fiction
830 0 _aProject Gutenberg
_v550
856 4 0 _uhttp://www.gutenberg.org/ebooks/550
942 _cEB
999 _c229901
_d229901